Regenerativnoje modelirovanije setej massovogo obsluživanija

Enregistré dans:
Détails bibliographiques
Auteur principal: Iglehart, Donald L.
Autres auteurs: Shedler, Gerald S.
Format: Livre
Langue:russe
Publié: Moskva Radio i svjaz' 1984
Tags: Ajouter un tag
Pas de tags, Soyez le premier à ajouter un tag!

MARC

LEADER 00000nam a2200000 4500
001 c114240
005 20230120081415.2
041 0 |a rus 
044 |a RU 
245 1 0 |a Regenerativnoje modelirovanije setej massovogo obsluživanija  |c Donald L. Iglehart, Gerald S. Shedler 
264 1 |a Moskva  |b Radio i svjaz'  |c 1984 
300 |a 133 s. 
100 1 |a Iglehart, Donald L. 
700 1 |a Shedler, Gerald S.